00656nam a2200145 a 450000100100000000500170001000800410002704000250006808200140009324501430010726000500025030000200030095201730032099900170049300003336920200930070218.0110825s1913 dr 000 0 spa d aDO-SdBNPbspacBNPHU axxxbM53300aMemoria que al ciudadano secretario de estado de Justicia e Instrucción Puública presenta el señor rector del Instituto Profesional. aSanto Domingo :bLa cuna de América,c1913. a65 p. ;c24 cm. 001050718RVaPDbPDcCTd2011-08-25iLF1l0oxxx M533p33369-10r2020-06-25w2020-06-25y1zPerteneció a la biblioteca personal de Julio Ortega FrierZNo se presta c32860d32860